000 00338nam a2200133Ia 4500
005 20251222144659.0
008 251222s9999||||xx |||||||||||||| ||spa||
020 _a84-277-1450-5
082 _a371.102/T22
100 _aTardif, Maurice
245 0 _aLos Saberes del Docente y su Desarrollo Profesional
264 _bNarcea
942 _cLIB
999 _c17371
_d17371